Geografía humana y económica ii /

Guardado en:
Autor Principal: Sánchez García Sauco, Juan Antonio Dir.
Formato: Libro
Publicado: España : Santillana, 0
Materias:
Etiquetas: Agregar Etiqueta
Sin Etiquetas, Sea el primero en etiquetar este registro!
LEADER 00697nam a22002175a 4500
001 CEM.cems005746
005 20060214000000.0
008 130507b######################000#0#####d
003 CEMS
082 0 4 |a 330.9 
100 1 |a Sánchez García Sauco, Juan Antonio Dir. 
245 1 0 |a Geografía humana y económica ii / 
260 |a España :  |b Santillana, 0 
300 |a 392 p. 
505 0 |a Geografía humana y económica del mundo actual; Las grandes areas geoeconómicas del mundo actual 
653 |a Demografia 
653 |a Desarrollo 
653 |a Economia agraria 
653 |a Energia-crisis 
653 |a Geografia 5to. año 
859 |a CEMS  |b BIB. CEMS - 11 de abril  |h 330.9  |i Sa55-1  |p 11717.83  |t Ej.1